000 00743nam a2200253 b 4500
001 00000000059086
003 OSt
005 20130529120054.0
008 020226s1973 esp 000 0 spa d
020 _a84-239-0795-3
040 _aBU-BP
_cBMC
082 _a364.164
082 _a910.45
100 _aGosse, Philip
_9563
_d1879-1959
245 1 4 _aLos corsarios berberiscos : Los piratas del norte
_b: (historia de la piratería)
_cPhilip Gosse ; [traducción del inglés por Lino Novás Calvo]
250 _a4ª ed
260 _aMadrid
_bEspasa-Calpe
_c1973
300 _a155 p.
_c18 cm
490 _aAustral
_v795
650 4 _aPiratas
650 4 _aCorsarios
_9577
700 _9564
_aNovás Calvo, Lino
_d1905-1983
942 _2ddc
_cBK
999 _c468
_d468